000 00681nam a2200169Ia 4500
005 20251020182608.0
008 200515s9999 xx 000 0 und d
082 _aSC/616-085:178/S16
100 _aSHAHANDEH, Behrouz
245 0 _aMétodos para la rehabilitación de personas alcohólicas y drogadictas
260 _c1988
300 _a106
520 _aExamina el complejo problema de la rehabilitación de las personas alcohólicas toxicómanas, así como su reinserción en la vida socio económica. Así mismo se realiza una detallada descripción de los enfoques multisectoriales para la planificación
650 _aALCOHOLISMO
650 _aDROGADICCION
942 _cLIB
999 _c3257
_d3257